Démons à Bali; (Record no. 4292)

MARC details
000 -LEADER
fixed length control field 00736cam a22002531 4500
001 - CONTROL NUMBER
control field af 48000975
003 - CONTROL NUMBER IDENTIFIER
control field DLC
005 - DATE AND TIME OF LATEST TRANSACTION
control field 20260227110846.0
008 - FIXED-LENGTH DATA ELEMENTS--GENERAL INFORMATION
fixed length control field 890418s1945 fr b 000 1 fre c
010 ## - LIBRARY OF CONGRESS CONTROL NUMBER
LC control number af 48000975
035 ## - SYSTEM CONTROL NUMBER
System control number (OCoLC)19565278
040 ## - CATALOGING SOURCE
Original cataloging agency California. Univ. Libr.
Transcribing agency CU
Modifying agency CU
-- DLC
041 1# - LANGUAGE CODE
Language code of text/sound track or separate title fre
Language code of original dut
042 ## - AUTHENTICATION CODE
Authentication code premarc
050 00 - LIBRARY OF CONGRESS CALL NUMBER
Classification number PT5834.F32
Item number D26
082 ## - DEWEY DECIMAL CLASSIFICATION NUMBER
Classification number 839.3135
100 1# - MAIN ENTRY--PERSONAL NAME
Personal name Fabricius, Johan,
Dates associated with a name 1899-
245 10 - TITLE STATEMENT
Title Démons à Bali;
Remainder of title roman,
Statement of responsibility, etc. tr. du hollandais par A. Kaminker.
260 ## - PUBLICATION, DISTRIBUTION, ETC.
Place of publication, distribution, etc. [Paris]
Name of publisher, distributor, etc. Éditions du Pavois
Date of publication, distribution, etc. [1945]
300 ## - PHYSICAL DESCRIPTION
Extent 315 p.
Dimensions 19 cm.
440 #0 - SERIES STATEMENT/ADDED ENTRY--TITLE
Title Bibliothèque internationale
504 ## - BIBLIOGRAPHY, ETC. NOTE
Bibliography, etc. note "Glossaire [de mots malais]": p. 313-315.
700 1# - ADDED ENTRY--PERSONAL NAME
Personal name Kaminker, A.,
Relator term tr.

No items available.

Powered by Koha